[Event "Gallarate Ricciardi op 17th"]
[Site "Gallarate"]
[Date "2013.06.25"]
[Round "5"]
[White "Deon, Danilo"]
[Black "Virgilio, Gianluca"]
[Result "0-1"]
[WhiteElo "1425"]
[BlackElo "1795"]
[PlyCount "116"]
[EventDate "2013.05.28"]
[EventType "swiss"]
[EventRounds "6"]
[EventCountry "ITA"]
[SourceTitle "EXT 2024"]
[Source "ChessBase"]
[SourceDate "2023.10.10"]
[SourceVersion "1"]
[SourceVersionDate "2023.10.10"]
[SourceQuality "1"]

1. e4 c5 2. Nc3 Nc6 3. g3 g6 4. d3 Bg7 5. Bg2 d6 6. Be3 Nh6 7. h3 f5 8. Qd2 Nf7 9. f4 0-0 10. h4 Nh6 11. h5 Ng4 12. hxg6 h6 13. Nf3 Nd4 14. Nd1 Nxf3+ 15. Bxf3 Qe8 16. exf5 Bxf5 17. Bxb7 Rb8 18. Qg2 Bxg6 19. 0-0 e6 20. a4 Nxe3 21. Nxe3 Bxb2 22. Rab1 Bd4 23. Qd2 Qxa4 24. c3 Qa5 25. Rfc1 Rf7 26. Kg2 Rfxb7 27. Rxb7 Rxb7 28. Nc4 Bxc3 29. Qxc3 Qxc3 30. Rxc3 Rd7 31. Kf2 Kg7 32. Ke3 Kf6 33. Ra3 h5 34. Ra6 Ke7 35. d4 cxd4+ 36. Kxd4 Bc2 37. Kc3 Bd1 38. Ra5 Rc7 39. Kd2 Bf3 40. Ke3 Bd5 41. Nd2 Kd7 42. f5 Ke7 43. fxe6 Kxe6 44. Kf4 Rc2 45. Ke3 Ra2 46. Rb5 a6 47. Rb8 Ra3+ 48. Kf2 Rd3 49. Nf1 Rf3+ 50. Ke2 Rb3 51. Rxb3 Bxb3 52. Ke3 a5 53. Nd2 a4 54. Nb1 Ke5 55. Na3 d5 56. Kf2 Ke4 57. Nb5 d4 58. Ke2 Bc4+ 0-1